Quarterly economic report. (Record no. 150530)

MARC details
000 -LEADER
fixed length control field 01004cam a2200313 i 4500
001 - CONTROL NUMBER
control field 150530
003 - CONTROL NUMBER IDENTIFIER
control field TR-AnTOB
005 - DATE AND TIME OF LATEST TRANSACTION
control field 20240313101609.0
007 - PHYSICAL DESCRIPTION FIXED FIELD--GENERAL INFORMATION
fixed length control field ta
008 - FIXED-LENGTH DATA ELEMENTS--GENERAL INFORMATION
fixed length control field 100608m1980 tu d 000 0 eng d
040 ## - CATALOGING SOURCE
Original cataloging agency TR-AnTOB
Language of cataloging eng
Description conventions rda
Transcribing agency TR-AnTOB
041 0# - LANGUAGE CODE
Language code of text/sound track or separate title İngilizce
050 ## - LIBRARY OF CONGRESS CALL NUMBER
Classification number HC492
090 ## - LOCALLY ASSIGNED LC-TYPE CALL NUMBER (OCLC); LOCAL CALL NUMBER (RLIN)
Classification number (OCLC) (R) ; Classification number, CALL (RLIN) (NR) HC492
099 ## - LOCAL FREE-TEXT CALL NUMBER (OCLC)
Classification number TOBB QUA
110 2# - MAIN ENTRY--CORPORATE NAME
Corporate name or jurisdiction name as entry element Türkiye Ticaret, Sanayi, Deniz Ticaret Odaları ve Ticaret Borsaları Birliği
9 (RLIN) 117931
245 10 - TITLE STATEMENT
Title Quarterly economic report.
264 #1 - PRODUCTION, PUBLICATION, DISTRIBUTION, MANUFACTURE, AND COPYRIGHT NOTICE
Place of production, publication, distribution, manufacture Ankara :
Name of producer, publisher, distributor, manufacturer TOBB,
Date of production, publication, distribution, manufacture, or copyright notice 1980-
300 ## - PHYSICAL DESCRIPTION
Extent volumes :
Other physical details tables ;
Dimensions 20 cm
336 ## - CONTENT TYPE
Content type term text
Content type code txt
Source rdacontent
337 ## - MEDIA TYPE
Media type term unmediated
Media type code n
Source rdamedia
338 ## - CARRIER TYPE
Carrier type term volume
Carrier type code nc
Source rdacarrier
500 ## - GENERAL NOTE
General note Kütüphanede mevcut sayılar:1980.Nisan-Aralık, 1981.Temmuz-Aralık, 1982.1985-1989.Ocak-Haziran,1990.Ekim-Aralık,1990.Ocak-Haziran 1991.Ekim-Aralık, 1991.Ocak-Mat,1992.
651 #0 - SUBJECT ADDED ENTRY--GEOGRAPHIC NAME
Geographic name Turkey
General subdivision Economic conditions
9 (RLIN) 80629
901 ## - LOCAL DATA ELEMENT A, LDA (RLIN)
a TA02050.
902 ## - LOCAL DATA ELEMENT B, LDB (RLIN)
a MFY.
942 ## - ADDED ENTRY ELEMENTS (KOHA)
Source of classification or shelving scheme Library of Congress Classification
Koha item type Book
Holdings
Withdrawn status Lost status Source of classification or shelving scheme Materials specified (bound volume or other part) Not for loan Collection code Home library Current library Shelving location Date acquired Source of acquisition Inventory number Total Checkouts Total Holds Full call number Barcode Copy number Date shelved Koha item type Public note
    Library of Congress Classification 1981Oct.-Dec. Ödünç Verilemez-Arşiv Materyali / Not For Loan-Archive Materials TOBB Yayınları Arşivi Merkez Kütüphane Merkez Kütüphane TOBB Yayınları Arşivi / TOBB Publications Archive 21/12/2008 Dağıtım / Compilation İKT     TOBB QUA TA02087 1 21/04/2010 Book Arşiv Malzemesi
Devinim Yazılım Eğitim Danışmanlık tarafından Koha'nın orjinal sürümü uyarlanarak geliştirilip kurulmuştur.